LEADER 00872nam0-22003011i-450- 001 990003171630403321 035 $a000317163 035 $aFED01000317163 035 $a(Aleph)000317163FED01 035 $a000317163 100 $a20000920d1962----km-y0itay50------ba 101 0 $aita 102 $aIT 200 1 $aPsychological Principles in System Development$fEdited by Robert M. Gagné$gForeword by Arthur W. Melton. 210 $aNew York$cHolt$dRinehart & Winston$d\c\\1962. 215 $aXIV, 560 p.$d24 cm 676 $a11330 676 $a12110 702 1$aGagné,$bRobert M. 702 1$aMelton,$bArthur W. 801 0$aIT$bUNINA$gRICA$2UNIMARC 901 $aBK 912 $a990003171630403321 952 $a11330 GAG$b022784$fSES 959 $aSES 996 $aPsychological Principles in System Development$9457780 997 $aUNINA DB $aING01 LEADER 01722nas 2200385 n 450 001 990008883950403321 005 20240229084332.0 011 $a0376-1568 035 $a000888395 035 $aFED01000888395 035 $a(Aleph)000888395FED01 035 $a000888395 091 $2CNR$aP 00220769 100 $a20161109b19611965km-y0itaa50------ba 101 0 $amul 102 $aPO 110 $aauu-------- 200 1 $aActa Agraria et Silvestria. Seria Zootechniczna 207 1$a1961-1965 210 $aKraków$cPanstwowe Wydawnictwo Naukowe 326 $aAnnuale 440 0$1001000888396$12001$aActa Agraria et Silvestria. Series Zootechnica 530 0 $aActa Agraria et Silvestria. Seria Zootechniczna 531 $aACTA AGRAR. SILV., SER. ZOOTECH. 675 $a636 801 0$aIT$bACNP$c20090723 859 4 $uhttp://acnp.cib.unibo.it/cgi-ser/start/it/cnr/dc-p1.tcl?catno=2283517&person=false&language=ITALIANO&libr=&libr_th=unina1$zBiblioteche che possiedono il periodico 901 $aSE 912 $a990008883950403321 958 $aBiblioteca del Dipartimento di Entomologia e Zoologia Agraria dell'Universitą degli Studi di Napoli Federico II$b1961-1965.$fDAGEN 959 $aDAGEN 996 $aActa Agraria et Silvestria. Seria Zootechniczna$9802269 997 $aUNINA AP1 8 $6866-01$aNA219 Biblioteca del Dipartimento di Entomologia e Zoologia Agraria dell'Universitą degli Studi di Napoli Federico II$eVia Universitą, 100, 80055 Portici (NA)$m0812539188$m0817755145$nit AP2 40$aacnp.cib.unibo.it$nACNP Italian Union Catalogue of Serials$uhttp://acnp.cib.unibo.it/cgi-ser/start/it/cnr/df-p.tcl?catno=2283517&language=ITALIANO&libr=&person=&B=1&libr_th=unina&proposto=NO